02026cam a2200313 i 45000010009000000050017000090080041000260100017000670200015000840200018000990400029001170420008001460430021001540820026001751000034002012450083002352600109003183000033004275000024004605040041004845050580005255200299011056500046014046500041014506530026014919420030015179990017015479520148015641851982420160926142411.0150309s2015 enka frb 001 0 eng d a 2015005302 z1472460308 z9781472460301 aDLCbengcDLCdEG-ScBUE  apcc af------aa------04222a658.80088297bALS1 aAlserhan, Baker Ahmad.94124314aThe principles of Islamic marketing /cBaker Ahmad Alserhan, Qatar University. aSurrey, England :bGower Publishing Limited ;aBurlington, Vermont :bGower Publishing Company,cc.2015. axii, 246 p. :bill. ;c25 cm aIndex : p. 233-246. aIncludes bibliographical references. aPt.1, Understanding islamic marketing: Maqasid al shariah and the Islamic economy : an introduction -- Islamic business ideals -- The Islamic market (souq) -- Pt.2, The Islamic marketing mix: The Islamic product (tayyibat) -- Islamic pricing practices -- Islamic promotions and promoting to Muslims -- Islamic logistics (halal logistics) -- Pt.3, Issues in Islamic marketing: Muslim consumer behaviour -- Islamic branding : concepts and background -- Islamic branding 2: brands as good deeds -- Islamic hospitality -- Islamic marketing and branding : a strategic perspective. aCovering the aspects and values of Islamic business thought, this title provides a framework and practical perspectives for understanding and implementing the Islamic marketing code of conduct. It identifies the features of the Islamic structure of International Marketing practices and ethics. 7aMarketszIslamic countries.2BUEsh941244 7aIslamic countries 941245xCommerce. bBUSADMcSeptember2016 2ddce22k658.80088297 ALS c22412d22384 00102ddc40708BaccahaMAINbMAINc1STd2016-09-26ePurchaseg880.00l2m12o658.80088297 ALSp000033503r2025-07-15 00:00:00s2018-09-10yBB